Las Preautonomías regionales en España / Mariano Funes Martínez
ISBN:
84-505-0194-6
Descripción Física:
293 p. ; 23 cm
Otros Autores:
Caja de Ahorros Provincial de Murcia
MARC
| LEADER | 00000nam a2200000Ia 4500 | ||
|---|---|---|---|
| 001 | 14375 | ||
| 008 | 160829s9999 xx 000 0 cat d | ||
| 020 | |a 84-505-0194-6 | ||
| 080 | |a M-4-214 | ||
| 100 | |a Funes Martínez, Mariano |9 24568 | ||
| 245 | |a Las Preautonomías regionales en España / Mariano Funes Martínez | ||
| 260 | |a [Murcia] : |b Caja de Ahorros Provincial de Murcia, DL 1984 | ||
| 300 | |a 293 p. ; |c 23 cm | ||
| 590 | |a Notes, referències bibliogràfiques | ||
| 650 | |a Espanya |x Províncies |9 24569 | ||
| 650 | |a Regionalisme |x Espanya |9 24570 | ||
| 700 | |a Caja de Ahorros Provincial de Murcia |9 24571 | ||
| 901 | |a Arxiu | ||
| 942 | |n 1 | ||
| 952 | |0 0 |1 0 |4 0 |6 M4214 |7 1 |9 43212 |a Arxiu |b Arxiu |d 2016-12-01 |l 0 |o M-4-214 |p 14375 |r 2016-12-01 00:00:00 |w 2016-12-01 |y ARXIU | ||
| 999 | |c 45756 |d 45756 | ||